000 00718nam a22002417a 4500
003 UA-OsUOA
001 34058
007 ta
008 20050921b un ||||| |||| 00| 0 ukr d
100 _aЛевиин А.
090 _a004.38(075)
_bЛ36
942 _cBK
040 _aUA-OsUOA
_brus
_cUA-OsUOA
_dUA-OsUOA
245 _aСамоучитель работи на компьютере
_b5-е издание исправленое и доподлненое
300 _a604 с.
955 _a2
041 _arus
080 _a004.38(075)
020 _a5-89161-004-3
260 _aМ.
_bНОЛИДЖ
_c1999
650 7 _a00 Загальні питання науки і культури
_2UDC
999 _c315992
_d315992